Italian Brainrot #2 - Statistiques

Statistiques générales
  • Ce quiz a été pris 772 fois
  • Le résultat moyen est 4 sur 9
Statistiques - réponses
Par images Réponse % Correct
Tung tung tung sahur
92%
ballerina cappuccina
79%
Capuccino Assassino
65%
Chimpanzini Bananini
58%
Bombombini Gusini
35%
Bobrito Bandito
14%
Cacto Hipopotamo
11%
Blueberrinni Octopussini
10%
Burbaloni Lulilolli
7%
Aucun quiz correspondant
Distribution des résultats
% des personnes avec chaque résultat
Percentile par nombre de réponses
Votre historique - résultats
Vous n’avez pas pris ce quiz